000
00268nam a22001097a 4500
008
170118b xxu||||| |||| 00| 0 eng d
020
_a
9780781766852
041
_a
eng
080
_2
2ND
_a
618.2
245
_a
TEXTBOOK FOR NURSING ASSISTANTS
_c
CARTES, P.J
942
_2
udc
_c
BK
999
_c
3095
_d
3095